00526nam a22001577a 450000500170000000800410001701000130005802000210007103500130009208200110010510000230011624500990013926000460023827000560028430000280034020180626131240.0180626b xxu||||| |||| 00| 0 eng d aA-722152 a8170184622c0.00 aA-722152 a787.82 aBandyyopadhyaya,S. aTechniques of Sitar:cby S. Bandyopadhyayabthe prince among all musical instruments of India/ aDelhibB.R. Publishing coorporationc1988 a29/9, Shakti Nagar, Nangia ParkbNew Delhi e110007 a418p;bill.c25 cm (HB)